Datum a čas kvízu
28
Celkem bodů
Celkový počet nahraných bodů na tomto kvízu bez doplňovacích otázek.
7.
Pořadí na kvízu
Konečné umístění týmu na tomto kvízu.
Zaznamenané odpovědi
| # | Otázka | Odpověď | Body | Výsledky |
|---|---|---|---|---|
| 1. | Ve čtvrtek byly zveřejněny výs... | Václav Havel, Václav Klaus, Petr Pavel | 0 | |
| 2. | Ve čtvrtek jsme si připomněli... | Myanmar (Barma) | 1 | |
| 3. | Minulý týden byl potvrzen rozc... | Katy Perry, Orlando Bloom | 1 | |
| 4. | Jak se jmenuje nově zvolený ge... | Hynek Chudárek | 1 | |
| 5. | V Ostravě se konal tradiční at... | 400 m překážek | 1 | |
| 6. | Jedna z nejúspěšnějších filmov... | Zachary Quinto, Leonard Nimoy | 0 | |
| 7. | Napište originální anglický ná... | The Hangover | 1 | |
| 8. | Seřaďte jednotlivé díly filmov... | 1D 2B 3A 4C | 1 | |
| 9. | Jak se jmenovala dcera Edwarda... | A | 0 | |
| 10. | Závěrem se podíváme blíže na H... | z hadů | 1 |